000 00364nam a2200121Ia 4500
008 250110s9999 xx 000 0 und d
041 _aeng
100 _aPakhare Snehal.
_9183772
245 _aEnergy Retrofit Of Historical Public Buildings : A Case Study In Rome
260 _bBNCA M Arch EA, Pune
_c2019
300 _a64p
700 _aGuide Name:Dhamankar Namrata
999 _c364364
_d364364